| 000 | 00719cam a2200229 4500 | ||
|---|---|---|---|
| 008 | 090401t1989 xxu||||| |||| 00| 0 eng d | ||
| 020 | _a0116715251 | ||
| 035 | _a(Sirsi) u4130 | ||
| 041 | _aeng | ||
| 050 | _a690.25 | ||
| 110 |
_aUnited Kingdom _bProperty Services Agency _91138 |
||
| 245 | _aDefects in buildings | ||
| 250 | _a2nd ed. | ||
| 260 |
_aLondon _bHMSO _c1989 |
||
| 300 | _axiv,508p. : ill. ; 30cm. | ||
| 350 | _a42 | ||
| 520 | _aUpdating carried out by Haverstock Associates . Previous edition entitled Common Defects in Buildings by Henry Eldridge. SUPERSEDED BY THIRD EDITION (isbn 0117024368) | ||
| 650 | _aBUILDING DEFECTS | ||
| 650 | _aELDRIDGE HENRY | ||
| 942 | _n0 | ||
| 948 | _c04/03/1997 | ||
| 999 |
_c85997 _d85997 |
||